[Event "4NCL Division 2d"]
[Site "Barcelo Hotel, Hinckley Island"]
[Date "2012.05.07"]
[Round "11.51"]
[White "Sanders, Isaac B"]
[Black "Jones, Richard S"]
[Result "0-1"]
[WhiteElo "2103"]
[BlackElo "2395"]
[PlyCount "78"]
[EventDate "2012.05.07"]
[WhiteTeam "Barbican Youth"]
[BlackTeam "Rhyfelwyr Essyllwg"]

1. d4 d5 2. c4 c6 3. Nf3 Nf6 4. Nc3 dxc4 5. e4 b5 6. e5 Nd5 7. a4 e6 8. axb5
Nxc3 9. bxc3 cxb5 10. Ng5 Bb7 11. Qh5 g6 12. Qg4 Be7 13. Be2 h5 14. Qg3 Bd5 15.
Bf3 a5 16. O-O Nc6 17. Re1 b4 18. Ne4 Kf8 19. Bg5 Bxe4 20. Bxe7+ Nxe7 21. Bxe4
Nd5 22. Qf3 Kg7 23. cxb4 axb4 24. Bxd5 Qxd5 25. Qf6+ Kg8 26. Rxa8+ Qxa8 27. Qe7
b3 28. Qb4 Qd5 29. Qc3 Kg7 30. h4 Rb8 31. Kh2 b2 32. Rb1 Qb5 33. Qf3 Qb3 34.
Qf6+ Kg8 35. d5 c3 36. Rd1 c2 37. Rd3 Qxd3 38. dxe6 Rf8 39. e7 Re8 0-1

[Event "4NCL Division 2d"]
[Site "Barcelo Hotel, Hinckley Island"]
[Date "2012.05.07"]
[Round "11.52"]
[White "Spice, Alan P"]
[Black "Manley, Jon P"]
[Result "1/2-1/2"]
[WhiteElo "2129"]
[BlackElo "2161"]
[PlyCount "118"]
[EventDate "2012.05.07"]
[WhiteTeam "Rhyfelwyr Essyllwg"]
[BlackTeam "Barbican Youth"]

1. Nc3 Nf6 2. e4 e5 3. Bc4 Nc6 4. d3 Na5 5. Nge2 d6 6. a3 Nxc4 7. dxc4 Be6 8.
Qd3 c6 9. Bg5 h6 10. Bh4 g5 11. Bg3 Nh5 12. O-O-O Qa5 13. h4 g4 14. f4 Nxg3 15.
Qxg3 exf4 16. Nxf4 Qe5 17. h5 Rg8 18. b3 Bg7 19. Rd3 O-O-O 20. Nfe2 Qc5 21. Kb2
f5 22. Ka2 Be5 23. Qe1 Qa5 24. Nd4 fxe4 25. Nxe4 Qxe1 26. Rxe1 Bd7 27. Kb1 Kc7
28. c5 d5 29. Ng3 Rde8 30. c3 Bxg3 31. Rxe8 Rxe8 32. Rxg3 Re5 33. Kc2 Rxh5 34.
Kd2 Kd8 35. Ke3 Re5+ 36. Kf2 Ke7 37. Rd3 Kf6 38. g3 h5 39. Kf1 Kg5 40. Kf2 h4
41. gxh4+ Kxh4 42. b4 Kg5 43. a4 a6 44. Rd1 Re7 45. Rh1 Be8 46. Rh8 Kf4 47. Rg8
Bd7 48. Rb8 g3+ 49. Kg2 Rg7 50. Rf8+ Ke3 51. Rf3+ Kd2 52. Nb3+ Kd1 53. Nd4 Ke1
54. Rd3 Bc8 55. Rf3 Kd2 56. Nb3+ Kc2 57. Nd4+ Kd2 58. Nb3+ Kc2 59. Nd4+ Kd2
1/2-1/2

[Event "4NCL Division 2d"]
[Site "Barcelo Hotel, Hinckley Island"]
[Date "2012.05.07"]
[Round "11.53"]
[White "O'Toole, George E"]
[Black "Brown, Tom"]
[Result "1-0"]
[WhiteElo "2177"]
[BlackElo "2082"]
[PlyCount "73"]
[EventDate "2012.05.07"]
[WhiteTeam "Barbican Youth"]
[BlackTeam "Rhyfelwyr Essyllwg"]

1. e4 c6 2. c4 d5 3. exd5 cxd5 4. cxd5 Nf6 5. Nc3 Nxd5 6. Bc4 Nb6 7. Bb3 Nc6 8.
Nf3 Bf5 9. d4 e6 10. O-O Be7 11. a3 O-O 12. Be3 Na5 13. Ba2 Nac4 14. Qe2 Rc8
15. Rfd1 Nxe3 16. Qxe3 Bg4 17. d5 Bxf3 18. Qxf3 Nxd5 19. Bxd5 exd5 20. Nxd5 Bd6
21. Rd3 Qg5 22. Nc3 Qh6 23. g3 Rc6 24. Rad1 Bc5 25. Nd5 Rfc8 26. Ne3 Qf6 27.
Qxf6 gxf6 28. Nf5 h5 29. Rd7 R6c7 30. Nh6+ Kg7 31. Nxf7 Bb6 32. Ne5+ Kh6 33.
R7d6 Kg7 34. Nd7 Rc1 35. Nxb6 axb6 36. Rxc1 Rxc1+ 37. Kg2 1-0

[Event "4NCL Division 2d"]
[Site "Barcelo Hotel, Hinckley Island"]
[Date "2012.05.07"]
[Round "11.54"]
[White "Trevelyan, John"]
[Black "Brett, Andrew R"]
[Result "1/2-1/2"]
[WhiteElo "2120"]
[BlackElo "2087"]
[PlyCount "71"]
[EventDate "2012.05.07"]
[WhiteTeam "Rhyfelwyr Essyllwg"]
[BlackTeam "Barbican Youth"]

1. d4 Nf6 2. c4 g6 3. Nc3 Bg7 4. e4 d6 5. Be2 O-O 6. Nf3 e5 7. dxe5 dxe5 8.
Qxd8 Rxd8 9. Nd5 Nxd5 10. cxd5 h6 11. Be3 c6 12. Bc4 cxd5 13. Bxd5 Nd7 14.
O-O-O Re8 15. Nd2 Nf6 16. Bb3 Ng4 17. Rhe1 Be6 18. f3 Nxe3 19. Rxe3 Rac8+ 20.
Rc3 Rxc3+ 21. bxc3 Bf8 22. Bxe6 Rxe6 23. Nb3 Ra6 24. Kb2 Ba3+ 25. Kb1 Bd6 26.
Rd5 Kf8 27. Ra5 Rxa5 28. Nxa5 b6 29. Nc4 Bc7 30. Kc2 Ke7 31. Kb3 Kd7 32. Ne3
Kc6 33. g4 b5 34. Nd5 Bd8 35. Nb4+ Kb6 36. Nd3 1/2-1/2

[Event "4NCL Division 2d"]
[Site "Barcelo Hotel, Hinckley Island"]
[Date "2012.05.07"]
[Round "11.55"]
[White "Bhatia, Kanwal K"]
[Black "Davies, Matthew"]
[Result "1-0"]
[WhiteElo "2081"]
[BlackElo "1982"]
[PlyCount "57"]
[EventDate "2012.05.07"]
[WhiteTeam "Barbican Youth"]
[BlackTeam "Rhyfelwyr Essyllwg"]

1. e4 e6 2. d4 d5 3. Nd2 Nf6 4. e5 Nfd7 5. f4 c5 6. c3 Nc6 7. Ndf3 cxd4 8. cxd4
Be7 9. Bd3 O-O 10. Ne2 f6 11. O-O f5 12. Kh1 Nb6 13. Rg1 Bd7 14. g4 Nb4 15. Bb1
Rc8 16. a3 Nc6 17. Qf1 g6 18. gxf5 exf5 19. b4 Be6 20. Qh3 Rf7 21. Ra2 Kf8 22.
Rxg6 Qd7 23. Qh6+ Ke8 24. Rxe6 Nd8 25. Rxe7+ Qxe7 26. Ng5 Rg7 27. Bxf5 Rc6 28.
Qh5+ Kf8 29. Nxh7+ 1-0

[Event "4NCL Division 2d"]
[Site "Barcelo Hotel, Hinckley Island"]
[Date "2012.05.07"]
[Round "11.56"]
[White "Reid, Vaness"]
[Black "Cumming, Rhys"]
[Result "1/2-1/2"]
[WhiteElo "1837"]
[BlackElo "2010"]
[PlyCount "41"]
[EventDate "2012.05.07"]
[WhiteTeam "Rhyfelwyr Essyllwg"]
[BlackTeam "Barbican Youth"]

1. Nf3 Nf6 2. c4 g6 3. Nc3 d5 4. cxd5 Nxd5 5. Qc2 Bg7 6. e4 Nb4 7. Qa4+ N8c6 8.
d4 Bxd4 9. Nxd4 Qxd4 10. Be3 Nd3+ 11. Bxd3 Qxd3 12. Nd5 O-O 13. Rd1 Qa6 14.
Qxa6 bxa6 15. Rc1 Ne5 16. O-O Rd8 17. Nxe7+ Kf8 18. Rxc7 Be6 19. Bh6+ Ke8 20.
f4 Ng4 21. Bg7 1/2-1/2

[Event "4NCL Division 2d"]
[Site "Barcelo Hotel, Hinckley Island"]
[Date "2012.05.07"]
[Round "11.57"]
[White "Stewart, Ashley"]
[Black "Kostanjsek, Luke"]
[Result "1-0"]
[WhiteElo "2011"]
[BlackElo "1874"]
[PlyCount "105"]
[EventDate "2012.05.07"]
[WhiteTeam "Barbican Youth"]
[BlackTeam "Rhyfelwyr Essyllwg"]

1. Nf3 Nf6 2. d4 d6 3. g3 g6 4. Bg2 Bg7 5. O-O O-O 6. c4 c5 7. Nc3 Nbd7 8. e4
Qc7 9. d5 a6 10. h3 e6 11. Bf4 exd5 12. exd5 Nh5 13. Be3 Ne5 14. Nxe5 Bxe5 15.
Qd2 f5 16. Bh6 Re8 17. a4 Bd7 18. Rfe1 Rab8 19. Bf3 Nf6 20. Bf4 Bxf4 21. Qxf4
Kg7 22. a5 Re5 23. Qd2 Rbe8 24. Ne2 Qd8 25. Nf4 Qe7 26. Nd3 Rxe1+ 27. Rxe1 Qd8
28. Nf4 Re5 29. Qc3 Qe8 30. Ne6+ Bxe6 31. Rxe5 dxe5 32. dxe6 e4 33. Bg2 Qxe6
34. b4 Qd6 35. b5 Qd4 36. Qb3 Qd3 37. Qxd3 exd3 38. Bxb7 Ne4 39. Kf1 Nc3 40.
Ke1 axb5 41. Kd2 b4 42. a6 Na4 43. a7 Nb6 44. a8=Q Nxa8 45. Bxa8 g5 46. Kxd3
Kf6 47. g4 h6 48. gxf5 Kxf5 49. Ke3 Ke5 50. Be4 b3 51. Bb1 h5 52. f3 b2 53. Bc2
1-0

[Event "4NCL Division 2d"]
[Site "Barcelo Hotel, Hinckley Island"]
[Date "2012.05.07"]
[Round "11.62"]
[White "Ashton, Adam G"]
[Black "Williams, Winston"]
[Result "1-0"]
[WhiteElo "2365"]
[BlackElo "2181"]
[PlyCount "51"]
[EventDate "2012.05.07"]
[WhiteTeam "3Cs 1"]
[BlackTeam "Bradford DCA Knights A"]

1. e4 c6 2. Ne2 d5 3. e5 d4 4. c3 d3 5. Nf4 Bf5 6. Qf3 Nd7 7. Nxd3 Bxd3 8. Qxd3
Nxe5 9. Qc2 Qd5 10. d4 Ng6 11. Be3 e5 12. Nd2 exd4 13. Bxd4 Qe6+ 14. Be3 Nf6
15. Bc4 Nd5 16. Qb3 O-O-O 17. O-O-O a6 18. Bb6 Be7 19. Bxd8 Rxd8 20. Nf3 Ngf4
21. Bxd5 Nxd5 22. Rhe1 Qh6+ 23. Kb1 Qg6+ 24. Qc2 Qxg2 25. Qf5+ Kc7 26. c4 1-0

[Event "4NCL Division 2d"]
[Site "Barcelo Hotel, Hinckley Island"]
[Date "2012.05.07"]
[Round "11.63"]
[White "Bak, Andrew"]
[Black "Walton, Alan J"]
[Result "1/2-1/2"]
[WhiteElo "2027"]
[BlackElo "2159"]
[PlyCount "62"]
[EventDate "2012.05.07"]
[WhiteTeam "Bradford DCA Knights A"]
[BlackTeam "3Cs 1"]

1. e4 e6 2. d4 d5 3. Nc3 Nf6 4. e5 Nfd7 5. f4 c5 6. Nf3 Nc6 7. Be3 a6 8. Qd2 b5
9. dxc5 Bxc5 10. Ne2 Qc7 11. Bxc5 Nxc5 12. Ned4 Nxd4 13. Qxd4 Bb7 14. Bd3 Rc8
15. c3 Nxd3+ 16. Qxd3 Qc4 17. Qd4 O-O 18. Kf2 f6 19. Rhc1 fxe5 20. fxe5 Rf4 21.
Qb6 Qc6 22. Qxc6 Bxc6 23. Rd1 Rcf8 24. Rd4 R4f5 25. Re1 Be8 26. Re3 Bg6 27. Kg3
Bh5 28. h4 h6 29. Kf2 Bg6 30. Kg3 R5f7 31. Rd2 Be4 1/2-1/2

[Event "4NCL Division 2d"]
[Site "Barcelo Hotel, Hinckley Island"]
[Date "2012.05.07"]
[Round "11.64"]
[White "Jaunooby, Ali Reza"]
[Black "Hackner, Oskar A"]
[Result "1-0"]
[WhiteElo "2189"]
[BlackElo "1987"]
[PlyCount "141"]
[EventDate "2012.05.07"]
[WhiteTeam "3Cs 1"]
[BlackTeam "Bradford DCA Knights A"]

1. d4 Nf6 2. c4 e6 3. Bg5 h6 4. Bh4 Bb4+ 5. Nc3 c5 6. d5 Bxc3+ 7. bxc3 d6 8.
Qc2 O-O 9. Rd1 Re8 10. e3 Nbd7 11. Nf3 Qa5 12. Bd3 exd5 13. cxd5 b5 14. O-O Bb7
15. Bf5 Qc7 16. e4 g6 17. Bxg6 fxg6 18. e5 Kg7 19. exf6+ Nxf6 20. c4 bxc4 21.
Qb2 g5 22. Bg3 Qb6 23. Qc3 Qb4 24. Qa1 Ba6 25. Rb1 Qa5 26. Bxd6 c3 27. Be5 Rxe5
28. Nxe5 Bxf1 29. Rb7+ Kg8 30. Qb1 c2 31. Qxc2 Bd3 32. Nxd3 Re8 33. h3 Ne4 34.
Qb2 Qc3 35. Rxa7 c4 36. Qb7 Qf6 37. Ra8 Rxa8 38. Qxa8+ Kh7 39. Qe8 Nd6 40. Qe5
Kg7 41. Qxf6+ Kxf6 42. Nb4 Ke5 43. a4 Kd4 44. a5 Kc5 45. a6 Nb5 46. Na2 Kb6 47.
f4 gxf4 48. Kf2 c3 49. Kf3 c2 50. Nc1 Kxa6 51. Kxf4 Nc3 52. Ke5 Kb6 53. Ke6 Ne4
54. Kf5 Nc3 55. Ke6 Ne4 56. Ke5 Nc3 57. Kd4 Nd1 58. Nb3 Kc7 59. Ke5 Nc3 60. g4
Nb5 61. h4 Nd6 62. Kf6 Ne4+ 63. Ke7 Nd6 64. h5 Ne4 65. g5 Nd6 66. g6 Nf5+ 67.
Kf6 Ng3 68. Ke7 Nf5+ 69. Kf8 Kd6 70. g7 Ne7 71. Kf7 1-0

[Event "4NCL Division 2d"]
[Site "Barcelo Hotel, Hinckley Island"]
[Date "2012.05.07"]
[Round "11.65"]
[White "Nicholson, Jim WR"]
[Black "Adams, Philip"]
[Result "1/2-1/2"]
[WhiteElo "1990"]
[BlackElo "2097"]
[PlyCount "83"]
[EventDate "2012.05.07"]
[WhiteTeam "Bradford DCA Knights A"]
[BlackTeam "3Cs 1"]

1. d4 Nf6 2. Nf3 e6 3. e3 b6 4. Bd3 Bb7 5. O-O Be7 6. b3 O-O 7. Bb2 c5 8. Nbd2
Nc6 9. a3 Rc8 10. Qe2 Re8 11. Rad1 Qc7 12. c4 cxd4 13. exd4 d5 14. Ne5 Bf8 15.
f4 g6 16. Ndf3 Bg7 17. Qf2 Ne4 18. Qh4 f6 19. Nxc6 Qxc6 20. Qh3 dxc4 21. Bxc4
Qd6 22. Nd2 f5 23. Qe3 Nf6 24. Nf3 Nd5 25. Bxd5 Qxd5 26. Rd2 a6 27. Rc1 Rxc1+
28. Bxc1 Rc8 29. Bb2 h6 30. Re2 Kf7 31. h3 b5 32. Kh2 Bf6 33. Qd3 g5 34. Qe3
Qd6 35. Ne5+ Kg7 36. fxg5 hxg5 37. Kg1 Be4 38. Nd3 Rd8 39. Nc5 Bd5 40. Nxe6+
Bxe6 41. Qxe6 Bxd4+ 42. Bxd4+ 1/2-1/2

[Event "4NCL Division 2d"]
[Site "Barcelo Hotel, Hinckley Island"]
[Date "2012.05.07"]
[Round "11.67"]
[White "Edwards-Wright, Miles D"]
[Black "Burton, Graham P"]
[Result "1/2-1/2"]
[WhiteElo "1995"]
[BlackElo "2055"]
[PlyCount "47"]
[EventDate "2012.05.07"]
[WhiteTeam "Bradford DCA Knights A"]
[BlackTeam "3Cs 1"]

1. e4 c5 2. Nf3 e6 3. c4 Nc6 4. Nc3 Nf6 5. d4 cxd4 6. Nxd4 Bb4 7. Nxc6 bxc6 8.
f3 e5 9. Bd2 O-O 10. Be2 Bc5 11. Na4 Bd4 12. Bc3 Bxc3+ 13. Nxc3 Qb6 14. Rb1 d5
15. cxd5 cxd5 16. exd5 Bf5 17. Rc1 e4 18. f4 Rac8 19. g4 Qxb2 20. Qd2 Qxd2+ 21.
Kxd2 e3+ 22. Kxe3 Rxc3+ 23. Rxc3 Nxd5+ 24. Kd2 1/2-1/2

[Event "4NCL Division 2d"]
[Site "Barcelo Hotel, Hinckley Island"]
[Date "2012.05.07"]
[Round "11.68"]
[White "Whitehead, David J"]
[Black "Jones, Steven A"]
[Result "0-1"]
[WhiteElo "2049"]
[BlackElo "1923"]
[PlyCount "64"]
[EventDate "2012.05.07"]
[WhiteTeam "3Cs 1"]
[BlackTeam "Bradford DCA Knights A"]

1. e4 c5 2. Nf3 d6 3. d4 cxd4 4. Nxd4 Nf6 5. Nc3 g6 6. Be3 Nc6 7. Bc4 Ng4 8.
Nxc6 bxc6 9. Bc1 Bg7 10. O-O O-O 11. Be2 Nf6 12. Be3 Rb8 13. Rb1 Qa5 14. f4 Nd7
15. f5 Ba6 16. Bxa6 Qxa6 17. Qg4 Ne5 18. Qh4 Nc4 19. Bh6 Bxh6 20. Qxh6 Rxb2 21.
Rxb2 Nxb2 22. f6 exf6 23. Rf3 Qb6+ 24. Kh1 Rb8 25. Rh3 Na4 26. Qxh7+ Kf8 27.
Qh6+ Ke7 28. Ne2 Qf2 29. Rb3 Rxb3 30. cxb3 Qxe2 31. Qc1 Nc3 32. h3 Qd1+ 0-1

[Event "4NCL Division 2d"]
[Site "Barcelo Hotel, Hinckley Island"]
[Date "2012.05.07"]
[Round "11.71"]
[White "Habershon, Paul F"]
[Black "Carleton, John J"]
[Result "0-1"]
[WhiteElo "2122"]
[BlackElo "2293"]
[PlyCount "78"]
[EventDate "2012.05.07"]
[WhiteTeam "FCA Solutions 1"]
[BlackTeam "Spirit of Atticus"]

1. e4 Nf6 2. e5 Nd5 3. d4 d6 4. c4 Nb6 5. exd6 exd6 6. Nc3 Nc6 7. Be3 Be7 8.
Nf3 O-O 9. a4 d5 10. c5 Nc4 11. Bxc4 dxc4 12. O-O Bf6 13. Qe2 Bg4 14. Qxc4 Bxf3
15. gxf3 Nxd4 16. Rad1 Nxf3+ 17. Kg2 Nh4+ 18. Kg1 Qc8 19. Qf4 Qh3 20. Qg3 Nf3+
21. Kh1 Qxg3 22. fxg3 Bxc3 23. Rxf3 Bxb2 24. Rb1 Be5 25. Rxb7 Rfb8 26. c6 Rxb7
27. cxb7 Rb8 28. Bxa7 Rxb7 29. Rd3 Bd6 30. Be3 f6 31. Kg2 Rb2+ 32. Rd2 Rb3 33.
Kf2 Ra3 34. Rd4 Kf7 35. Ke2 Ke6 36. Bd2 c5 37. Rh4 h6 38. Re4+ Kd5 39. Rg4 g5
0-1

[Event "4NCL Division 2d"]
[Site "Barcelo Hotel, Hinckley Island"]
[Date "2012.05.07"]
[Round "11.72"]
[White "Ivell, Nicholas W"]
[Black "Brown, Alan M"]
[Result "1/2-1/2"]
[WhiteElo "2335"]
[BlackElo "2135"]
[PlyCount "28"]
[EventDate "2012.05.07"]
[WhiteTeam "Spirit of Atticus"]
[BlackTeam "FCA Solutions 1"]

1. e4 e6 2. d4 d5 3. e5 c5 4. c3 Qb6 5. Nf3 Nc6 6. a3 c4 7. Be2 Bd7 8. O-O Nge7
9. Nbd2 Na5 10. Rb1 Rc8 11. Ng5 Nf5 12. Bh5 g6 13. Be2 h5 14. g3 Be7 1/2-1/2

[Event "4NCL Division 2d"]
[Site "Barcelo Hotel, Hinckley Island"]
[Date "2012.05.07"]
[Round "11.73"]
[White "Tippleston, Charles E"]
[Black "Smith, Andrew P"]
[Result "0-1"]
[WhiteElo "2150"]
[BlackElo "2204"]
[PlyCount "80"]
[EventDate "2012.05.07"]
[WhiteTeam "FCA Solutions 1"]
[BlackTeam "Spirit of Atticus"]

1. e4 c5 2. Nf3 e6 3. c3 d5 4. exd5 Qxd5 5. d4 Nf6 6. Be2 cxd4 7. cxd4 Nc6 8.
O-O Be7 9. Nc3 Qd6 10. Nb5 Qb8 11. Bg5 a6 12. Nc3 O-O 13. Qb3 Rd8 14. Rad1 Nd5
15. Nxd5 Rxd5 16. Bxe7 Nxe7 17. Rc1 Qd6 18. Rfd1 h6 19. Bc4 Rf5 20. Bd3 Rf4 21.
Bf1 Rb8 22. g3 Rf6 23. Bg2 Bd7 24. Ne5 Be8 25. Nc4 Qd8 26. Qb6 Bc6 27. Qxd8+
Rxd8 28. Na5 Bxg2 29. Kxg2 Rd7 30. Nb3 b6 31. Rd2 Rf5 32. g4 Rb5 33. Rdc2 Nd5
34. Rc4 a5 35. Kf3 Nb4 36. a4 Rbd5 37. Rc8+ Kh7 38. Rb8 R5d6 39. Kg2 Nd3 40.
Rc2 Ne1+ 0-1

[Event "4NCL Division 2d"]
[Site "Barcelo Hotel, Hinckley Island"]
[Date "2012.05.07"]
[Round "11.74"]
[White "Jackson, Sheila"]
[Black "Smith, Graham M"]
[Result "1/2-1/2"]
[WhiteElo "2162"]
[BlackElo "2069"]
[PlyCount "45"]
[EventDate "2012.05.07"]
[WhiteTeam "Spirit of Atticus"]
[BlackTeam "FCA Solutions 1"]

1. e4 c5 2. c3 Nf6 3. e5 Nd5 4. d4 cxd4 5. Nf3 e6 6. cxd4 d6 7. Bc4 Nb6 8. Bd3
Bd7 9. O-O Bc6 10. Nc3 N8d7 11. Bf4 dxe5 12. dxe5 Nc5 13. Be2 Qxd1 14. Rfxd1
Be7 15. Nd4 O-O-O 16. Nxc6 Rxd1+ 17. Rxd1 bxc6 18. Bf3 Nd5 19. Rd4 Kc7 20.
Nxd5+ cxd5 21. b4 Nd7 22. Bxd5 Rb8 23. a3 1/2-1/2

[Event "4NCL Division 2d"]
[Site "Barcelo Hotel, Hinckley Island"]
[Date "2012.05.07"]
[Round "11.76"]
[White "Ackley, Peter JE"]
[Black "Malhotra, Tarun"]
[Result "0-1"]
[WhiteElo "2047"]
[BlackElo "1982"]
[PlyCount "76"]
[EventDate "2012.05.07"]
[WhiteTeam "Spirit of Atticus"]
[BlackTeam "FCA Solutions 1"]

1. a3 g6 2. f4 Bg7 3. Nf3 d5 4. e3 c5 5. Be2 e6 6. O-O Ne7 7. d3 O-O 8. e4 b6
9. Qe1 Bb7 10. Qh4 Nbc6 11. Nc3 Nd4 12. Bd1 a6 13. e5 Nef5 14. Qh3 Qd7 15. Nxd4
Nxd4 16. Ne2 Nc6 17. g4 f6 18. exf6 Rxf6 19. g5 Rf7 20. Ng3 Ne7 21. Bg4 Nf5 22.
c3 b5 23. Bd2 d4 24. Ne4 dxc3 25. Bxc3 Bd4+ 26. Rf2 Bxe4 27. dxe4 Bxf2+ 28.
Kxf2 Nd4 29. Kg3 Re8 30. Rd1 Qd6 31. e5 Qd5 32. Qf1 Ref8 33. h4 Qxe5 34. fxe5
Rxf1 35. Rxd4 cxd4 36. Bxe6+ Kg7 37. Bxd4 R1f3+ 38. Kg2 Rd3 0-1

[Event "4NCL Division 2d"]
[Site "Barcelo Hotel, Hinckley Island"]
[Date "2012.05.07"]
[Round "11.77"]
[White "Reuben, Stewart"]
[Black "Connor, Stephen J"]
[Result "1-0"]
[WhiteElo "2115"]
[BlackElo "2069"]
[PlyCount "67"]
[EventDate "2012.05.07"]
[WhiteTeam "FCA Solutions 1"]
[BlackTeam "Spirit of Atticus"]

1. c4 Nf6 2. Nc3 g6 3. g3 c6 4. Bg2 Bg7 5. e4 d6 6. Nge2 e5 7. O-O O-O 8. d3
Be6 9. h3 d5 10. cxd5 cxd5 11. Qb3 Qd7 12. Nxd5 Nc6 13. Bg5 Bxd5 14. exd5 Ne7
15. Nc3 Rab8 16. Rfe1 h6 17. Be3 b6 18. d4 exd4 19. Bxd4 Nf5 20. Be5 Rbc8 21.
Rad1 Nd6 22. Bxd6 Qxd6 23. Nb5 Qd7 24. d6 Rfe8 25. Rxe8+ Nxe8 26. a4 Bf8 27.
Qd5 Rc2 28. Qb7 Nf6 29. Qxd7 Nxd7 30. Nxa7 Bg7 31. Bc6 Ne5 32. d7 Nxd7 33. Rxd7
Bxb2 34. Bd5 1-0

[Event "4NCL Division 2d"]
[Site "Barcelo Hotel, Hinckley Island"]
[Date "2012.05.07"]
[Round "11.78"]
[White "Mort, Andrew J"]
[Black "Freeman, Richard CP"]
[Result "1/2-1/2"]
[WhiteElo "2017"]
[BlackElo "2028"]
[PlyCount "36"]
[EventDate "2012.05.07"]
[WhiteTeam "Spirit of Atticus"]
[BlackTeam "FCA Solutions 1"]

1. c4 g6 2. g3 Bg7 3. Bg2 e5 4. Nc3 Nc6 5. d3 d6 6. Nf3 Nge7 7. O-O O-O 8. Rb1
a5 9. a3 f5 10. Nd5 h6 11. b4 axb4 12. axb4 Nxd5 13. cxd5 Ne7 14. Nd2 f4 15.
Bb2 Bf5 16. Qb3 Qd7 17. Rbc1 Rac8 18. e4 fxe3 1/2-1/2

[Event "4NCL Division 2d"]
[Site "Barcelo Hotel, Hinckley Island"]
[Date "2012.05.07"]
[Round "11.81"]
[White "Pickard, Charles"]
[Black "Richmond, Peter A"]
[Result "1/2-1/2"]
[WhiteElo "2125"]
[BlackElo "2228"]
[PlyCount "97"]
[EventDate "2012.05.07"]
[WhiteTeam "Cambridge University 2"]
[BlackTeam "Brown Jack"]

1. c4 g6 2. g3 Bg7 3. Bg2 c5 4. Nc3 Nc6 5. d3 d6 6. Rb1 e5 7. e4 Nge7 8. Nge2
Rb8 9. a3 a6 10. b4 cxb4 11. axb4 b5 12. cxb5 axb5 13. O-O O-O 14. Be3 Be6 15.
Qd2 Qd7 16. d4 exd4 17. Nxd4 Nxd4 18. Bxd4 Bxd4 19. Qxd4 Nc6 20. Qf6 Ne5 21.
Rfd1 Qd8 22. Qxd8 Rfxd8 23. Bf1 Bc4 24. Bxc4 bxc4 25. Rd5 Kf8 26. b5 Ke7 27.
Kf1 Rb7 28. Ke2 Ra8 29. Rb4 Ra3 30. Kd2 Rb3 31. Rxb3 cxb3 32. Kc1 Ng4 33. Kb2
Nxf2 34. Kxb3 Ng4 35. Kb4 Ne5 36. Ka5 Kd7 37. Ka6 Rc7 38. Na4 Rc2 39. h4 Ra2
40. Rd4 Nd3 41. Kb6 Ra3 42. Rc4 Ne5 43. Rc7+ Kd8 44. Nc3 Nd7+ 45. Kb7 Nc5+ 46.
Kc6 Rxc3 47. Rxf7 Nxe4+ 48. Kd5 Ke8 49. Ra7 1/2-1/2

[Event "4NCL Division 2d"]
[Site "Barcelo Hotel, Hinckley Island"]
[Date "2012.05.07"]
[Round "11.82"]
[White "Haydon, Richard"]
[Black "Churm, Rohan M"]
[Result "1-0"]
[WhiteElo "2173"]
[BlackElo "2161"]
[PlyCount "73"]
[EventDate "2012.05.07"]
[WhiteTeam "Brown Jack"]
[BlackTeam "Cambridge University 2"]

1. g3 Nf6 2. Bg2 e6 3. d3 d5 4. Nf3 Bd6 5. O-O O-O 6. Nbd2 c6 7. e4 Nbd7 8. Qe2
dxe4 9. dxe4 e5 10. Nc4 Bc7 11. Rd1 Qe7 12. a4 Nb6 13. Ne3 a5 14. Ne1 Be6 15.
b3 Rfd8 16. Nd3 Nfd7 17. Bb2 f6 18. Bf3 Bd6 19. Bg4 Nc5 20. Nxc5 Bxc5 21. Bxe6+
Qxe6 22. Bc3 Nd7 23. Nc4 b6 24. Rd3 Nf8 25. Rad1 Rxd3 26. Rxd3 Ra7 27. Bd2 Nd7
28. Be3 Qe7 29. Qd1 Bxe3 30. Nxe3 g6 31. Rd6 Rc7 32. Ng4 h5 33. Rxd7 Rxd7 34.
Qxd7 Qb4 35. Nxf6+ Kf8 36. Nh7+ Kg8 37. Ng5 1-0

[Event "4NCL Division 2d"]
[Site "Barcelo Hotel, Hinckley Island"]
[Date "2012.05.07"]
[Round "11.83"]
[White "Spencer, Carl J"]
[Black "Headlong, Timothy"]
[Result "1-0"]
[WhiteElo "2171"]
[BlackElo "2179"]
[PlyCount "101"]
[EventDate "2012.05.07"]
[WhiteTeam "Cambridge University 2"]
[BlackTeam "Brown Jack"]

1. e4 c5 2. Nf3 Nc6 3. Bb5 g6 4. O-O Bg7 5. c3 Nf6 6. d4 cxd4 7. cxd4 Nxe4 8.
d5 Nd6 9. Na3 a6 10. Bd3 Nb4 11. Nc4 Nxd3 12. Nxd6+ exd6 13. Qxd3 O-O 14. a4 a5
15. Qb3 b6 16. Bg5 Bf6 17. Bf4 Ba6 18. Rfe1 Qb8 19. Qa3 Rc8 20. Bxd6 Qb7 21.
Be5 Bxe5 22. Nxe5 Bc4 23. Nxf7 Qxd5 24. Nh6+ Kg7 25. Re7+ Kxh6 26. Qe3+ Qg5 27.
Rxh7+ Kxh7 28. Qxg5 Be6 29. Rc1 Rab8 30. h4 Rxc1+ 31. Qxc1 Rb7 32. Qc8 Bd5 33.
Qd8 Bc6 34. b3 b5 35. Qxa5 bxa4 36. bxa4 Rb1+ 37. Kh2 Ra1 38. h5 Rxa4 39. Qg5
gxh5 40. Qxh5+ Kg7 41. f3 Ra8 42. Qe5+ Kf7 43. g4 Ra2+ 44. Kg1 Ra3 45. f4 Rg3+
46. Kf2 Rg2+ 47. Ke3 Rg1 48. Qf5+ Kg7 49. Kf2 Rg2+ 50. Kf1 Rg3 51. g5 1-0

[Event "4NCL Division 2d"]
[Site "Barcelo Hotel, Hinckley Island"]
[Date "2012.05.07"]
[Round "11.85"]
[White "Beckett, Chris J"]
[Black "Bourne, Johnathan D"]
[Result "1-0"]
[WhiteElo "2101"]
[BlackElo "2081"]
[PlyCount "79"]
[EventDate "2012.05.07"]
[WhiteTeam "Cambridge University 2"]
[BlackTeam "Brown Jack"]

1. d4 g6 2. c4 Bg7 3. Nc3 c5 4. d5 e6 5. e4 exd5 6. cxd5 d6 7. f3 Nf6 8. Bg5 h6
9. Be3 O-O 10. Qd2 Kh7 11. h4 a6 12. g4 Bxg4 13. fxg4 Nxg4 14. Bf4 b5 15. Be2
b4 16. Bxg4 bxc3 17. bxc3 Re8 18. Ne2 Nd7 19. h5 Qe7 20. hxg6+ fxg6 21. Be6 h5
22. Bg5 Bf6 23. Bxf6 Nxf6 24. Ng3 Rab8 25. Qg5 Qg7 26. O-O Rf8 27. Rab1 Rb5 28.
a4 Rxb1 29. Rxb1 c4 30. Rf1 Qa7+ 31. Kg2 Qg7 32. a5 Ne8 33. Rxf8 Qxf8 34. Qd8
h4 35. Qxh4+ Kg7 36. Qg5 Nf6 37. Nf5+ Kh8 38. Qxg6 Nh7 39. Bf7 Ng5 40. Qf6+ 1-0

[Event "4NCL Division 2d"]
[Site "Barcelo Hotel, Hinckley Island"]
[Date "2012.05.07"]
[Round "11.86"]
[White "Rabbitt, Michael"]
[Black "Lee, Richard WY"]
[Result "1-0"]
[WhiteElo "2025"]
[BlackElo "2031"]
[PlyCount "131"]
[EventDate "2012.05.07"]
[WhiteTeam "Brown Jack"]
[BlackTeam "Cambridge University 2"]

1. e4 e6 2. d4 d5 3. e5 c5 4. c3 Nc6 5. Nf3 Qb6 6. Bd3 cxd4 7. cxd4 Bd7 8. O-O
Nxd4 9. Nxd4 Qxd4 10. Nc3 a6 11. Qe2 Ne7 12. Kh1 Nc6 13. f4 Nb4 14. Bb1 Qc4 15.
Qd1 Be7 16. a3 Nc6 17. Be3 Nd8 18. Bd3 Qc7 19. f5 Qxe5 20. Qf3 O-O 21. Rae1 Bd6
22. Qh3 exf5 23. Bf4 Qf6 24. Nxd5 Qg6 25. Nb6 Bxf4 26. Nxd7 Bh6 27. Nxf8 Kxf8
28. Bxf5 Qd6 29. Bd7 Nc6 30. Qf5 Qg6 31. Qc5+ Kg8 32. Bf5 Qg5 33. Qb6 Rb8 34.
Bb1 Qd5 35. Be4 Qa5 36. Qb3 Ne5 37. Bd5 Qc7 38. Rf5 Bd2 39. Rfxe5 Bxe1 40. Rxe1
b6 41. Qc4 Qd7 42. Rf1 Rf8 43. Qc6 Qxc6 44. Bxc6 Rd8 45. Bf3 Kf8 46. Rd1 Rc8
47. Rd2 Rc1+ 48. Bd1 Ke7 49. Kg1 f5 50. Kf2 Rb1 51. Ke3 g5 52. Be2 a5 53. Kd4
Kd6 54. Bd3 Rh1 55. h3 g4 56. Bxf5 gxh3 57. gxh3 h6 58. Kc4+ Ke5 59. Bd7 Rg1
60. Kb5 Rg6 61. Rd3 Ke4 62. Rc3 h5 63. Bc6+ Kd4 64. Kxb6 Rg5 65. Bb5 Rg2 66.
Rb3 1-0